[Event "SR 5. liga SE-SI 2018/2019"]
[Site "?"]
[Date "2019.03.09"]
[Round "9.2"]
[White "Svrcek, Daniel"]
[Black "Otepka, Vladimir"]
[Result "0-1"]
[WhiteElo "1381"]
[BlackElo "1721"]
[PlyCount "80"]
[EventDate "2018.??.??"]
[WhiteTeam "Å achovÃ½ klub HolÃ­Ä� C"]
[BlackTeam "Å O Spartak Myjava"]

1. d4 Nf6 2. c4 e6 3. Bg5 d5 4. Nc3 c6 5. Nf3 Nbd7 6. e3 Bb4 7. Bd3 Qa5 8. Qb3
Ne4 9. Bxe4 dxe4 10. Ne5 Nxe5 11. dxe5 Qxe5 12. Bf4 Qa5 13. O-O Bxc3 14. Qxc3
Qxc3 15. bxc3 b6 16. Bd6 Ba6 17. Rfd1 Bxc4 18. Rd4 Bd3 19. Be5 f6 20. Bg3 c5
21. Ra4 O-O 22. Ra3 Rfd8 23. Rb3 Bc4 24. Rb2 Rd3 25. Rc1 Rad8 26. h3 Rd1+ 27.
Rxd1 Rxd1+ 28. Kh2 b5 29. Bb8 Rd7 30. Bg3 Kf7 31. h4 h5 32. Kh3 e5 33. Bh2 Rd1
34. f4 exf4 35. Bxf4 Ke6 36. Rc2 a5 37. Bc7 a4 38. Bb6 Kd6 39. Kg3 Kc6 40. Ba7
Rd8 0-1

[Event "SR 5. liga SE-SI 2018/2019"]
[Site "?"]
[Date "2019.03.09"]
[Round "9.2"]
[White "Rehak, Vladimir"]
[Black "Datko, Jan"]
[Result "1/2-1/2"]
[WhiteElo "1599"]
[BlackElo "1256"]
[PlyCount "56"]
[EventDate "2018.??.??"]
[WhiteTeam "Å O Spartak Myjava"]
[BlackTeam "Å achovÃ½ klub HolÃ­Ä� C"]

1. e4 e6 2. Bb5 c6 3. Ba4 d5 4. exd5 Qxd5 5. Nf3 Qe4+ 6. Qe2 Qxa4 7. b3 Qa5 8.
O-O Nf6 9. d4 Bd6 10. Bb2 O-O 11. c4 c5 12. Nbd2 Nbd7 13. Ne4 Nxe4 14. Qxe4 Nf6
15. Qd3 Re8 16. Rfe1 Qc7 17. d5 Bd7 18. Rad1 exd5 19. cxd5 Rxe1+ 20. Rxe1 Re8
21. Rc1 b6 22. g3 h6 23. Nh4 Be5 24. Ba3 Qd6 25. f4 Bd4+ 26. Qxd4 cxd4 27. Bxd6
Nxd5 28. Be5 Nc3 1/2-1/2

[Event "SR 5. liga SE-SI 2018/2019"]
[Site "?"]
[Date "2019.03.09"]
[Round "9.2"]
[White "Sefcik, Oliver"]
[Black "Knapek, Adrian"]
[Result "1-0"]
[WhiteElo "1167"]
[BlackElo "1470"]
[PlyCount "75"]
[EventDate "2018.??.??"]
[WhiteTeam "Å achovÃ½ klub HolÃ­Ä� C"]
[BlackTeam "Å O Spartak Myjava"]

1. e4 e5 2. Nf3 Nc6 3. Bc4 h6 4. O-O Nf6 5. d3 d6 6. Be3 Be7 7. Nbd2 Ng4 8. Qe2
Na5 9. Rab1 Nxe3 10. Qxe3 Nxc4 11. Nxc4 Be6 12. Nfd2 Qd7 13. f4 b5 14. f5 Bxc4
15. dxc4 bxc4 16. Nxc4 Qb5 17. b3 a5 18. Qg3 O-O 19. f6 Bxf6 20. Rxf6 Kh7 21.
Rf2 a4 22. Rbf1 f6 23. h4 Qc5 24. Ne3 axb3 25. axb3 c6 26. Nf5 Rf7 27. h5 Rb7
28. Rd1 d5 29. Qd3 dxe4 30. Qxe4 Rb4 31. Qe3 Qf8 32. Rfd2 Rf4 33. Rf1 Rg4 34.
Qf3 Qc5+ 35. Kh2 Qb4 36. Rd7 Ra5 37. Qe3 Qb5 38. Qxh6+ 1-0

[Event "SR 5. liga SE-SI 2018/2019"]
[Site "?"]
[Date "2019.03.09"]
[Round "9.2"]
[White "Durec, Martin"]
[Black "Strban, Stanislav"]
[Result "1-0"]
[WhiteElo "1193"]
[BlackElo "1000"]
[PlyCount "57"]
[EventDate "2018.??.??"]
[WhiteTeam "Å O Spartak Myjava"]
[BlackTeam "Å achovÃ½ klub HolÃ­Ä� C"]

1. e4 e5 2. Nf3 Nc6 3. Bb5 a6 4. Ba4 Bc5 5. O-O Nf6 6. d3 h6 7. Bxc6 dxc6 8.
Nxe5 O-O 9. c3 Re8 10. d4 Bb6 11. Re1 Be6 12. Qf3 c5 13. d5 Bc8 14. Bf4 h5 15.
h3 Qd6 16. Nxf7 Qe7 17. Ne5 Bd7 18. Nd2 c6 19. Ndc4 Bc7 20. Ng6 Qd8 21. d6 Bb8
22. Bg5 Re6 23. e5 Kf7 24. Ne7 a5 25. exf6 gxf6 26. Qxh5+ Kg7 27. Qh6+ Kf7 28.
Qh7+ Kf8 29. Qg8# 1-0

[Event "SR 5. liga SE-SI 2018/2019"]
[Site "?"]
[Date "2019.03.09"]
[Round "9.3"]
[White "Klimes, Karel"]
[Black "Ralbovsky, Milan"]
[Result "1-0"]
[WhiteElo "1713"]
[BlackElo "1330"]
[PlyCount "57"]
[EventDate "2018.??.??"]
[WhiteTeam "Å K Å tefanov B"]
[BlackTeam "Å K Nafta Gbely D"]

1. e4 e5 2. Nf3 d6 3. Bc4 Bg4 4. h3 Bxf3 5. Qxf3 Qf6 6. Qb3 b6 7. Nc3 c6 8. O-O
Nd7 9. Ne2 Nc5 10. Qe3 g6 11. Ng3 Bh6 12. Qe2 Bf4 13. b4 Ne6 14. c3 Qh4 15.
Bxe6 fxe6 16. Qc4 Kd7 17. Ne2 Qg5 18. d4 Bxc1 19. Raxc1 Nf6 20. f4 exf4 21.
Nxf4 d5 22. exd5 exd5 23. Qa6 b5 24. Qb7+ Kd6 25. Qf7 Rhe8 26. Nd3 Qe3+ 27. Kh2
Qxd3 28. Rxf6+ Re6 29. Rxe6# 1-0

[Event "SR 5. liga SE-SI 2018/2019"]
[Site "?"]
[Date "2019.03.09"]
[Round "9.3"]
[White "Hyza, Richard"]
[Black "Tomasovic, Pavol"]
[Result "1/2-1/2"]
[WhiteElo "1223"]
[BlackElo "1256"]
[PlyCount "87"]
[EventDate "2018.??.??"]
[WhiteTeam "Å K Nafta Gbely D"]
[BlackTeam "Å K Å tefanov B"]

1. f4 d6 2. Nf3 Nf6 3. e3 g6 4. b3 Bg7 5. Bb2 O-O 6. Be2 c5 7. O-O Nc6 8. Nc3
a6 9. a3 Bg4 10. Rb1 e5 11. fxe5 dxe5 12. Ng5 Bxe2 13. Qxe2 Nd5 14. Nge4 Nxc3
15. Bxc3 b6 16. Ra1 Qd5 17. d3 f5 18. Nd2 Rf7 19. e4 Qe6 20. Rf3 Nd4 21. Bxd4
cxd4 22. Raf1 Raf8 23. Nc4 b5 24. Nb2 fxe4 25. Qxe4 Rxf3 26. Rxf3 Rxf3 27. Qxf3
Bf8 28. a4 Kg7 29. Kf2 Qf7 30. Qxf7+ Kxf7 31. Kf3 Kf6 32. axb5 axb5 33. Nd1 h5
34. Nf2 Kf5 35. g4+ hxg4+ 36. Nxg4 Bg7 37. h3 b4 38. Nf2 Bf8 39. Nd1 Be7 40.
Nb2 Bf8 41. Na4 Be7 42. Nb6 Bf8 43. Nd5 Bd6 44. Nb6 1/2-1/2

[Event "SR 5. liga SE-SI 2018/2019"]
[Site "?"]
[Date "2019.03.09"]
[Round "9.3"]
[White "Bena, Pavol"]
[Black "Ralbovsky, Dominik"]
[Result "0-1"]
[WhiteElo "1000"]
[BlackElo "1124"]
[PlyCount "54"]
[EventDate "2018.??.??"]
[WhiteTeam "Å K Å tefanov B"]
[BlackTeam "Å K Nafta Gbely D"]

1. e4 e6 2. Nf3 b6 3. Bc4 Bb7 4. d3 Bb4+ 5. c3 Be7 6. Be3 h6 7. Nbd2 Nf6 8. e5
Nh7 9. O-O O-O 10. Nb3 f6 11. Nbd4 Bd5 12. Bxd5 exd5 13. Qb3 c6 14. exf6 Bxf6
15. c4 dxc4 16. Qxc4+ d5 17. Qb3 Bxd4 18. Nxd4 Qd6 19. Rad1 Nd7 20. Rfe1 Ne5
21. Qc2 a6 22. Qd2 c5 23. Nc2 Ng4 24. f3 Qxh2+ 25. Kf1 Qh1+ 26. Ke2 Qxg2+ 27.
Bf2 Qxf2# 0-1

[Event "SR 5. liga SE-SI 2018/2019"]
[Site "?"]
[Date "2019.03.09"]
[Round "9.3"]
[White "Lanza, Matej"]
[Black "Rehakova, Natalia"]
[Result "1-0"]
[WhiteElo "1215"]
[BlackElo "1000"]
[PlyCount "83"]
[EventDate "2018.??.??"]
[WhiteTeam "Å K Nafta Gbely D"]
[BlackTeam "Å K Å tefanov B"]

1. d4 d5 2. Nc3 Nf6 3. Nf3 Nc6 4. h3 Bf5 5. a3 e6 6. Bf4 Bd6 7. Bxd6 Qxd6 8. e3
Be4 9. Nxe4 Nxe4 10. Bd3 O-O 11. O-O e5 12. Bxe4 dxe4 13. dxe5 Nxe5 14. Qxd6
cxd6 15. Nxe5 dxe5 16. Rad1 Rad8 17. Kh1 Rc8 18. c3 Rfd8 19. Kg1 Rd3 20. Kh1
Rcd8 21. Rxd3 Rxd3 22. c4 Rd2 23. b4 Ra2 24. Rd1 h6 25. g4 Rxa3 26. Kg2 a5 27.
bxa5 Rxa5 28. h4 b5 29. cxb5 Rxb5 30. g5 hxg5 31. hxg5 f6 32. g6 Rb8 33. f3
exf3+ 34. Kxf3 f5 35. e4 fxe4+ 36. Kxe4 Re8 37. Rd5 Kf8 38. Rd7 Re6 39. Kf5 Re7
40. Rd3 e4 41. Rh3 e3 42. Rh8# 1-0

[Event "SR 5. liga SE-SI 2018/2019"]
[Site "?"]
[Date "2019.03.09"]
[Round "9.3"]
[White "Rehak, Matus"]
[Black "Brida, Jakub"]
[Result "1-0"]
[WhiteElo "1000"]
[BlackElo "1000"]
[PlyCount "33"]
[EventDate "2018.??.??"]
[WhiteTeam "Å K Å tefanov B"]
[BlackTeam "Å K Nafta Gbely D"]

1. e4 e5 2. Nf3 Nc6 3. Bc4 Nf6 4. d3 Bc5 5. Bg5 Qe7 6. Nbd2 O-O 7. O-O d6 8. c3
Bd7 9. d4 Rad8 10. dxc5 Nxe4 11. Bxe7 Nxe7 12. Nxe4 Bc6 13. Neg5 Nf5 14. Nxf7
Ne3 15. fxe3 Rd7 16. cxd6 cxd6 17. Nxd6+ {zahranÃ  Vxd6 nemo#nÃ1/2 tah} 1-0

[Event "SR 5. liga SE-SI 2018/2019"]
[Site "?"]
[Date "2019.03.09"]
[Round "9.4"]
[White "Celustkova, Lubica"]
[Black "Antalek, Rudolf"]
[Result "1/2-1/2"]
[WhiteElo "1690"]
[BlackElo "1705"]
[PlyCount "25"]
[EventDate "2018.??.??"]
[WhiteTeam "CVÄŒ Senica D"]
[BlackTeam "Å K Skalica D"]

1. e4 e5 2. Nf3 Nc6 3. Bb5 a6 4. Ba4 Nf6 5. O-O b5 6. Bb3 Be7 7. Re1 d6 8. c3
O-O 9. h3 Nb8 10. d4 Nbd7 11. Nbd2 Bb7 12. Bc2 Re8 13. Nf1 1/2-1/2

[Event "SR 5. liga SE-SI 2018/2019"]
[Site "?"]
[Date "2019.03.09"]
[Round "9.4"]
[White "Harasta, Marian"]
[Black "Drozd, Jan"]
[Result "1-0"]
[WhiteElo "1646"]
[BlackElo "1512"]
[PlyCount "69"]
[EventDate "2018.??.??"]
[WhiteTeam "Å K Skalica D"]
[BlackTeam "CVÄŒ Senica D"]

1. d4 Nf6 2. c4 e6 3. Nf3 Bb4+ 4. Nc3 O-O 5. e3 d5 6. c5 b6 7. cxb6 axb6 8. Qb3
Bxc3+ 9. bxc3 Nc6 10. Bb5 Bd7 11. O-O Na5 12. Qb4 Bxb5 13. Qxb5 Nc4 14. Nd2
Nxd2 15. Bxd2 Ne4 16. Qd3 c5 17. f3 c4 18. Qe2 Nd6 19. e4 Re8 20. e5 Nf5 21. g4
Nh4 22. Qf2 Ng6 23. f4 f5 24. exf6 Qxf6 25. g5 Qf5 26. Qg3 Qc2 27. Qe1 Rxa2 28.
Rxa2 Qxa2 29. f5 Nf8 30. f6 gxf6 31. gxf6 Kf7 32. Qg3 Ng6 33. Qc7+ Ne7 34.
fxe7+ Kg6 35. Qg3+ 1-0

[Event "SR 5. liga SE-SI 2018/2019"]
[Site "?"]
[Date "2019.03.09"]
[Round "9.4"]
[White "Bazovsky, Max"]
[Black "Londinova, Jasmina Marie"]
[Result "1/2-1/2"]
[WhiteElo "1316"]
[BlackElo "1226"]
[PlyCount "48"]
[EventDate "2018.??.??"]
[WhiteTeam "CVÄŒ Senica D"]
[BlackTeam "Å K Skalica D"]

1. d4 d5 2. Bf4 Nc6 3. c4 e6 4. cxd5 exd5 5. Nf3 Bd6 6. Bxd6 Qxd6 7. e3 Nf6 8.
Nc3 a6 9. a3 Bg4 10. Bd3 O-O 11. O-O Rfe8 12. Rc1 Rab8 13. Na4 Ne4 14. Nc5 Nxc5
15. Rxc5 b6 16. Rc1 Ra8 17. Be2 Bxf3 18. Bxf3 Ne7 19. Qc2 Ra7 20. Be2 g6 21.
Bd1 Rc8 22. Qe2 c5 23. dxc5 bxc5 24. Qg4 h5 1/2-1/2

[Event "SR 5. liga SE-SI 2018/2019"]
[Site "?"]
[Date "2019.03.09"]
[Round "9.4"]
[White "Londin, Michal Karol"]
[Black "Kaufman, Roman"]
[Result "1-0"]
[WhiteElo "1134"]
[BlackElo "1000"]
[PlyCount "53"]
[EventDate "2018.??.??"]
[WhiteTeam "Å K Skalica D"]
[BlackTeam "CVÄŒ Senica D"]

1. b3 e5 2. Bb2 Nc6 3. e3 d5 4. Bb5 Bd7 5. Bxc6 Bxc6 6. Bxe5 Qg5 7. Bg3 Bd6 8.
f4 Qe7 9. Bf2 Bxf4 10. g3 Be5 11. d4 Bxd4 12. Qxd4 Nf6 13. Nd2 O-O 14. Ngf3 h6
15. g4 Qd7 16. Rg1 Rfe8 17. g5 Nh7 18. gxh6 f6 19. Rxg7+ Qxg7 20. hxg7 Kxg7 21.
Ke2 Re6 22. Rg1+ Kf7 23. Qh4 Nf8 24. Qh5+ Ke7 25. Rg7+ Kd8 26. Qf7 Re8 27.
Qxc7# 1-0

[Event "SR 5. liga SE-SI 2018/2019"]
[Site "?"]
[Date "2019.03.09"]
[Round "9.4"]
[White "Kaufmanova, Karin"]
[Black "Jancik, James"]
[Result "0-1"]
[WhiteElo "1000"]
[BlackElo "1000"]
[PlyCount "60"]
[EventDate "2018.??.??"]
[WhiteTeam "CVÄŒ Senica D"]
[BlackTeam "Å K Skalica D"]

1. e4 Nc6 2. Nf3 Nf6 3. Nc3 d6 4. d4 e5 5. d5 Be7 6. dxc6 bxc6 7. Bc4 Be6 8.
Bxe6 fxe6 9. Bg5 h6 10. Bxf6 Bxf6 11. Nd2 O-O 12. Qe2 d5 13. exd5 exd5 14. Nf3
Re8 15. O-O e4 16. Nd2 Qd7 17. Rad1 Re7 18. Ndxe4 Rae8 19. f3 Qc8 20. Rfe1 Qf5
21. Qd3 d4 22. Na4 Be5 23. Nec5 Qh5 24. Qb3+ Kh8 25. g3 Bd6 26. Qb4 Qxf3 27.
Rf1 Qg4 28. Rxd4 Qh5 29. Rdd1 Re2 30. Rd2 Qxh2# 0-1

[Event "SR 5. liga SE-SI 2018/2019"]
[Site "?"]
[Date "2019.03.23"]
[Round "10.1"]
[White "Cambal, Peter"]
[Black "Visvader, Kristof"]
[Result "1/2-1/2"]
[WhiteElo "1419"]
[BlackElo "1378"]
[PlyCount "41"]
[EventDate "2018.??.??"]
[WhiteTeam "Å achovÃ½ klub HolÃ­Ä� C"]
[BlackTeam "Interchess ZÅ  BorskÃ½ MikulÃ¡Å¡"]

1. e4 e5 2. f4 d6 3. Nf3 Nc6 4. Bc4 Qf6 5. O-O exf4 6. d4 Be7 7. Nc3 Kd8 8. Nd5
Qg6 9. Qe2 Bg4 10. c3 Bxf3 11. Qxf3 Nf6 12. Nxf6 gxf6 13. Bxf4 Rg8 14. Bg3 Kd7
15. Rae1 Rae8 16. Qf5+ Qxf5 17. Rxf5 Rg7 18. e5 fxe5 19. dxe5 dxe5 20. Bxe5
Nxe5 21. Rfxe5 1/2-1/2

[Event "SR 5. liga SE-SI 2018/2019"]
[Site "?"]
[Date "2019.03.23"]
[Round "10.1"]
[White "Nemeckay, Dominik"]
[Black "Svrcek, Daniel"]
[Result "1/2-1/2"]
[WhiteElo "1470"]
[BlackElo "1381"]
[PlyCount "52"]
[EventDate "2018.??.??"]
[WhiteTeam "Interchess ZÅ  BorskÃ½ MikulÃ¡Å¡"]
[BlackTeam "Å achovÃ½ klub HolÃ­Ä� C"]

1. e4 e6 2. d4 d5 3. e5 c5 4. c3 Nc6 5. Nf3 Bd7 6. Bd3 Qb6 7. Bc2 cxd4 8. cxd4
Bb4+ 9. Nc3 Bxc3+ 10. bxc3 Nge7 11. Bd3 Na5 12. Rb1 Qc7 13. Qc2 Rc8 14. Bd2 h6
15. O-O b6 16. Ba6 Rb8 17. a4 Nc4 18. Qb3 Nxd2 19. Nxd2 Nc6 20. Rb2 O-O 21.
Rfb1 Na5 22. Qa3 Bc8 23. Bb5 Bd7 24. Bd3 Rfc8 25. Rc2 Bc6 26. Qb4 Bb7 1/2-1/2

[Event "SR 5. liga SE-SI 2018/2019"]
[Site "?"]
[Date "2019.03.23"]
[Round "10.1"]
[White "Datko, Jan"]
[Black "Visvader, Rudolf"]
[Result "1-0"]
[WhiteElo "1256"]
[BlackElo "1290"]
[PlyCount "57"]
[EventDate "2018.??.??"]
[WhiteTeam "Å achovÃ½ klub HolÃ­Ä� C"]
[BlackTeam "Interchess ZÅ  BorskÃ½ MikulÃ¡Å¡"]

1. e4 c5 2. d4 cxd4 3. c3 dxc3 4. Nxc3 g6 5. Nf3 Bg7 6. Bc4 Nc6 7. O-O Ne5 8.
Bb3 h6 9. Bf4 Nxf3+ 10. Qxf3 Bxc3 11. Be5 Rh7 12. Bxc3 e6 13. Rfd1 b6 14. e5
Rb8 15. Bb4 Qg5 16. Bxe6 f5 17. Bxg8 Bb7 18. Bd5 Bc8 19. Bd6 h5 20. Bxb8 h4 21.
e6 dxe6 22. Bc6+ Bd7 23. Bxd7+ Rxd7 24. Rxd7 Kxd7 25. Rd1+ Ke7 26. Bd6+ Kf7 27.
Be5 Kg8 28. Qa8+ Kh7 29. Qh8# 1-0

[Event "SR 5. liga SE-SI 2018/2019"]
[Site "?"]
[Date "2019.03.23"]
[Round "10.1"]
[White "Buraj, Patrik"]
[Black "Sefcik, Oliver"]
[Result "0-1"]
[WhiteElo "1121"]
[BlackElo "1167"]
[PlyCount "90"]
[EventDate "2018.??.??"]
[WhiteTeam "Interchess ZÅ  BorskÃ½ MikulÃ¡Å¡"]
[BlackTeam "Å achovÃ½ klub HolÃ­Ä� C"]

1. e4 e6 2. Nc3 d5 3. d4 c5 4. Nf3 Nc6 5. Bb5 a6 6. Bxc6+ bxc6 7. Be3 Qb6 8. b3
Bd6 9. e5 Be7 10. a3 f6 11. Na4 Qa5+ 12. Qd2 Qxd2+ 13. Bxd2 cxd4 14. Nxd4 c5
15. Nf3 fxe5 16. Nxe5 Bf6 17. Bf4 Bxe5 18. Bxe5 Kf7 19. Nxc5 Ne7 20. c4 Rd8 21.
Rd1 Nc6 22. Bc7 Re8 23. O-O d4 24. b4 e5 25. b5 axb5 26. cxb5 Nd8 27. a4 Ne6
28. Nxe6 Bxe6 29. Bxe5 Rxa4 30. Bxd4 Bc4 31. Rfe1 Rxe1+ 32. Rxe1 Bxb5 33. h3
Rxd4 34. Rb1 Bd7 35. Rb7 Ke6 36. Rb6+ Rd6 37. Rxd6+ Kxd6 38. h4 h6 39. g3 Ke5
40. Kh2 Ke4 41. Kg2 Bb5 42. f3+ Kf5 43. f4 Kg4 44. f5 Bc6+ 45. Kf2 Bd5 0-1

[Event "SR 5. liga SE-SI 2018/2019"]
[Site "?"]
[Date "2019.03.23"]
[Round "10.1"]
[White "Gaza, Erik"]
[Black "Kafka, Ludovit"]
[Result "1-0"]
[WhiteElo "1000"]
[BlackElo "1000"]
[PlyCount "62"]
[EventDate "2018.??.??"]
[WhiteTeam "Å achovÃ½ klub HolÃ­Ä� C"]
[BlackTeam "Interchess ZÅ  BorskÃ½ MikulÃ¡Å¡"]

1. e4 Nf6 2. Nc3 e5 3. Nf3 d6 4. Bc4 Bg4 5. h3 Bh5 6. O-O c6 7. d4 d5 8. exd5
exd4 9. Qxd4 Qb6 10. Re1+ Be7 11. Qxb6 axb6 12. a4 Kd7 13. Bf4 Re8 14. Ne5+ Kc8
15. dxc6 Nxc6 16. Bxf7 Bxf7 17. Nxf7 Bb4 18. Rxe8+ Nxe8 19. Nd5 Bd6 20. Bxd6
Nxd6 21. Nxd6+ Kd7 22. Nxb7 Na5 23. Nxa5 bxa5 24. Nb6+ Ke6 25. Nxa8 Ke5 26. Rd1
g5 27. c4 h5 28. c5 Kf4 29. Rd4+ Ke5 30. Rd8 g4 31. hxg4 hxg4 1-0

[Event "SR 5. liga SE-SI 2018/2019"]
[Site "?"]
[Date "2019.03.23"]
[Round "10.2"]
[White "Otepka, Vladimir"]
[Black "Hrdlicka, Martin"]
[Result "1-0"]
[WhiteElo "1721"]
[BlackElo "1511"]
[PlyCount "45"]
[EventDate "2018.??.??"]
[WhiteTeam "Å O Spartak Myjava"]
[BlackTeam "CVÄŒ Senica C"]

1. d4 d5 2. c4 c6 3. Nc3 Nf6 4. Nf3 e6 5. Bg5 Be7 6. e3 O-O 7. Qc2 b6 8. Bd3 h6
9. Bh4 dxc4 10. Bxc4 Bb7 11. a3 c5 12. O-O-O Qc8 13. Bxf6 Bxf6 14. d5 a6 15.
Ne4 exd5 16. Nxf6+ gxf6 17. Bxd5 Nc6 18. Nh4 Ne5 19. f4 Qg4 20. Nf5 Nd3+ 21.
Qxd3 Qh5 22. Ne7+ Kh8 23. Bxb7 1-0

[Event "SR 5. liga SE-SI 2018/2019"]
[Site "?"]
[Date "2019.03.23"]
[Round "10.2"]
[White "Nater, Nikolas"]
[Black "Knapek, Adrian"]
[Result "0-1"]
[WhiteElo "1281"]
[BlackElo "1470"]
[PlyCount "84"]
[EventDate "2018.??.??"]
[WhiteTeam "CVÄŒ Senica C"]
[BlackTeam "Å O Spartak Myjava"]

1. e4 e5 2. Nf3 Nc6 3. Bc4 h6 4. d3 Nf6 5. Nc3 Bb4 6. Bd2 d6 7. Nd5 Bxd2+ 8.
Qxd2 Be6 9. Bb3 a6 10. Nxf6+ Qxf6 11. Bxe6 Qxe6 12. d4 exd4 13. Nxd4 Qxe4+ 14.
Qe3 Qxe3+ 15. fxe3 Nxd4 16. exd4 Kd7 17. O-O f6 18. d5 Rae8 19. h3 Re2 20. Rf2
Rhe8 21. c4 b5 22. b3 Re1+ 23. Rxe1 Rxe1+ 24. Kh2 bxc4 25. bxc4 Rb1 26. Rc2 c6
27. Kg3 cxd5 28. cxd5 Rb5 29. Rd2 Rb4 30. Kf3 f5 31. Ke3 Ke7 32. g3 Kf6 33. Rd4
Rxd4 34. Kxd4 g5 35. g4 f4 36. Ke4 f3 37. Kxf3 Ke5 38. Ke3 Kxd5 39. Kd3 Ke5 40.
Ke3 d5 41. a4 d4+ 42. Kd3 Kd5 0-1

[Event "SR 5. liga SE-SI 2018/2019"]
[Site "?"]
[Date "2019.03.23"]
[Round "10.2"]
[White "Belak, Michal"]
[Black "Valent, Tomas"]
[Result "1/2-1/2"]
[WhiteElo "1000"]
[BlackElo "1397"]
[PlyCount "80"]
[EventDate "2018.??.??"]
[WhiteTeam "Å O Spartak Myjava"]
[BlackTeam "CVÄŒ Senica C"]

1. e4 e5 2. Nf3 Nc6 3. Bb5 Bc5 4. O-O Nf6 5. Nc3 O-O 6. Bxc6 dxc6 7. d3 Bg4 8.
h3 Bh5 9. Qe2 Re8 10. Be3 Bd4 11. Rab1 c5 12. Nb5 a6 13. Nbxd4 cxd4 14. Bg5 c5
15. g4 Bg6 16. Nh4 Qd6 17. Qf3 Re6 18. Nf5 Qd7 19. Qg3 Ne8 20. f4 f6 21. Bh4
Bf7 22. Qf3 g6 23. Nh6+ Kg7 24. g5 Rb6 25. fxe5 Bxa2 26. exf6+ Kf8 27. Ra1 Rxb2
28. Rf2 Be6 29. Kh2 Nd6 30. f7 Nxf7 31. Raf1 a5 32. Nxf7 Bxf7 33. Qxf7+ Qxf7
34. Rxf7+ Kg8 35. Rc7 a4 36. Rff7 a3 37. Rg7+ Kh8 38. Rxh7+ Kg8 39. Rhg7+ Kh8
40. Rh7+ Kg8 1/2-1/2

[Event "SR 5. liga SE-SI 2018/2019"]
[Site "?"]
[Date "2019.03.23"]
[Round "10.3"]
[White "Harasta, Marian"]
[Black "Novomeska, Karin"]
[Result "1-0"]
[WhiteElo "1646"]
[BlackElo "1306"]
[PlyCount "97"]
[EventDate "2018.??.??"]
[WhiteTeam "Å K Skalica D"]
[BlackTeam "Å K Å tefanov B"]

1. d4 e6 2. c4 d5 3. Nc3 Bb4 4. Qb3 Nc6 5. Nf3 Nf6 6. e3 Ne4 7. Bd3 dxc4 8.
Qxc4 Bxc3+ 9. bxc3 Nd6 10. Qb3 Qe7 11. Ba3 O-O 12. e4 e5 13. d5 Nb8 14. c4 f5
15. Bxd6 cxd6 16. O-O Qf6 17. exf5 Re8 18. Qb5 Qf7 19. Rfe1 b6 20. Ng5 Qh5 21.
f6 Rf8 22. Nxh7 Bd7 23. fxg7 Rf7 24. Qb1 Rxg7 25. Nf6+ Kf8 26. Nxh5 Rg5 27. Nf6
Kg7 28. Nxd7 Nxd7 29. f4 Rg4 30. Bf5 Rxf4 31. Bxd7 Rd8 32. Be6 Rdf8 33. Rf1
Rxf1+ 34. Qxf1 Rxf1+ 35. Rxf1 Kg6 36. g4 Kg5 37. Kg2 e4 38. Kg3 e3 39. h4+ Kg6
40. h5+ Kg5 41. Rf5+ Kh6 42. Kf3 a6 43. g5+ Kxh5 44. Bf7+ Kh4 45. g6 e2 46.
Kxe2 a5 47. Kf3 a4 48. g7 a3 49. Rh5# 1-0

[Event "SR 5. liga SE-SI 2018/2019"]
[Site "?"]
[Date "2019.03.23"]
[Round "10.3"]
[White "Tomasovic, Pavol"]
[Black "Romanova, Ela"]
[Result "1/2-1/2"]
[WhiteElo "1256"]
[BlackElo "1336"]
[PlyCount "41"]
[EventDate "2018.??.??"]
[WhiteTeam "Å K Å tefanov B"]
[BlackTeam "Å K Skalica D"]

1. e4 e5 2. Nf3 Nc6 3. Bb5 Nf6 4. O-O Be7 5. c3 O-O 6. d4 exd4 7. e5 Nd5 8.
cxd4 d6 9. Re1 Bg4 10. Nc3 Nb6 11. Qd3 a6 12. Bxc6 bxc6 13. Qe4 Qd7 14. Bf4
Rfe8 15. Bg3 Nc4 16. b3 Na5 17. d5 cxd5 18. Nxd5 Bf8 19. Rac1 Rac8 20. Ng5 Bf5
21. Qh4 1/2-1/2

[Event "SR 5. liga SE-SI 2018/2019"]
[Site "?"]
[Date "2019.03.23"]
[Round "10.3"]
[White "Rehak, Matus"]
[Black "Tutka, Stepan"]
[Result "0-1"]
[WhiteElo "1000"]
[BlackElo "1081"]
[PlyCount "50"]
[EventDate "2018.??.??"]
[WhiteTeam "Å K Å tefanov B"]
[BlackTeam "Å K Skalica D"]

1. e4 e5 2. Nf3 Nc6 3. c3 Nf6 4. d3 d6 5. Bg5 h6 6. Bh4 g5 7. Bg3 Bg4 8. h3 Bh5
9. Qb3 b6 10. d4 Bxf3 11. gxf3 exd4 12. c4 Qd7 13. Nd2 O-O-O 14. Rg1 h5 15. h4
gxh4 16. Bxh4 Qe7 17. Bh3+ Kb8 18. Rg5 d5 19. e5 Bh6 20. Rg6 fxg6 21. Kd1 Qxe5
22. Bg3 Qe7 23. cxd5 Nxd5 24. Qb5 Qb4 25. Qxc6 Qxd2# 0-1

[Event "SR 5. liga SE-SI 2018/2019"]
[Site "?"]
[Date "2019.03.23"]
[Round "10.3"]
[White "Dubanova, Kristina"]
[Black "Kroupova, Veronika"]
[Result "1-0"]
[WhiteElo "1075"]
[BlackElo "1000"]
[PlyCount "57"]
[EventDate "2018.??.??"]
[WhiteTeam "Å K Skalica D"]
[BlackTeam "Å K Å tefanov B"]

1. e4 e5 2. Nf3 Nc6 3. Bc4 d6 4. c3 Bg4 5. d3 Nf6 6. Bg5 Be7 7. Nbd2 O-O 8. O-O
d5 9. Bxf6 Bxf6 10. Bxd5 Ne7 11. Bc4 b5 12. Bxb5 Rb8 13. Bc4 Rxb2 14. Rb1 Rb6
15. h3 Bxf3 16. Nxf3 c5 17. Qa4 Qe8 18. Qxa7 Re6 19. Bxe6 fxe6 20. Qxc5 Qc8 21.
Qa3 Qa8 22. Qd6 Nc8 23. Qxe6+ Kh8 24. Rb5 Na7 25. Rb2 Nc8 26. Rfb1 Rd8 27. Rb8
Qa7 28. Rxc8 Rxc8 29. Qxc8+ 1-0

[Event "SR 5. liga SE-SI 2018/2019"]
[Site "?"]
[Date "2019.03.23"]
[Round "10.4"]
[White "Ralbovsky, Milan"]
[Black "Diviak, Rudolf"]
[Result "0-1"]
[WhiteElo "1330"]
[BlackElo "1805"]
[PlyCount "90"]
[EventDate "2018.??.??"]
[WhiteTeam "Å K Nafta Gbely D"]
[BlackTeam "CVÄŒ Senica D"]

1. Nf3 Nf6 2. c4 d6 3. Nc3 c6 4. g3 g6 5. Bg2 Bg7 6. d4 O-O 7. O-O Nbd7 8. e4
Qc7 9. b3 Re8 10. Re1 a6 11. Rb1 e5 12. d5 cxd5 13. Nxd5 Nxd5 14. Qxd5 Nf6 15.
Qd3 Bg4 16. Ba3 Rad8 17. Rbd1 Bf8 18. Rd2 d5 19. Bxf8 dxe4 20. Bd6 Qc6 21. Ng5
exd3 22. Bxc6 bxc6 23. Rxd3 h6 24. Ne4 Nxe4 25. Rxe4 Bf5 26. f3 c5 27. Rd5 Bxe4
28. fxe4 f5 29. exf5 gxf5 30. Bxc5 Rxd5 31. cxd5 Rd8 32. d6 Kf7 33. Kf2 Ke6 34.
Kf3 Rc8 35. b4 a5 36. g4 fxg4+ 37. Kxg4 axb4 38. Be3 Rc2 39. a4 bxa3 40. h4 a2
41. Kh5 a1=Q 42. Bg1 Rg2 43. Bd4 Qxd4 44. d7 Kxd7 45. Kxh6 Qxh4# 0-1

[Event "SR 5. liga SE-SI 2018/2019"]
[Site "?"]
[Date "2019.03.23"]
[Round "10.4"]
[White "Kaufman, Robert"]
[Black "Hyza, Richard"]
[Result "1-0"]
[WhiteElo "1367"]
[BlackElo "1223"]
[PlyCount "53"]
[EventDate "2018.??.??"]
[WhiteTeam "CVÄŒ Senica D"]
[BlackTeam "Å K Nafta Gbely D"]

1. e4 e5 2. Nf3 f5 3. Nc3 d6 4. d4 Nc6 5. Bb5 exd4 6. Nxd4 Nge7 7. O-O g6 8.
Bg5 Bd7 9. exf5 gxf5 10. Qh5+ Ng6 11. Bxd8 Rxd8 12. Rfe1+ Be7 13. Bxc6 bxc6 14.
Nxf5 Bxf5 15. Qxf5 Rf8 16. Qh5 Rh8 17. Rad1 Kf8 18. Ne4 Kg7 19. Ng5 Bxg5 20.
Qxg5 Rdf8 21. Re7+ Rf7 22. Rde1 Rhf8 23. h4 Kg8 24. Rxf7 Rxf7 25. Re8+ Kg7 26.
h5 a5 27. h6# 1-0

[Event "SR 5. liga SE-SI 2018/2019"]
[Site "?"]
[Date "2019.03.23"]
[Round "10.4"]
[White "Ralbovsky, Dominik"]
[Black "Bazovsky, Max"]
[Result "0-1"]
[WhiteElo "1124"]
[BlackElo "1316"]
[PlyCount "46"]
[EventDate "2018.??.??"]
[WhiteTeam "Å K Nafta Gbely D"]
[BlackTeam "CVÄŒ Senica D"]

1. Nf3 c5 2. g3 Nc6 3. Bg2 d5 4. O-O Nf6 5. d3 g6 6. Be3 Bg7 7. Qc1 O-O 8. Bxc5
Re8 9. Nbd2 Bd7 10. c4 Rc8 11. Nd4 Ne5 12. f4 Rxc5 13. N2b3 Nxd3 14. exd3 Rc8
15. f5 Qb6 16. Kh1 Ng4 17. c5 Qb4 18. fxg6 hxg6 19. a3 Qa4 20. Bxd5 e6 21. Bxb7
Bxd4 22. Bxc8 Qxb3 23. Bxd7 Qd5+ 0-1